00353nam a22001217a 450000500170000000800410001702000180005805000190007610000260009524500440012126000540016530000120021920250213110120.0250213b |||||||| |||| 00| 0 eng d a9788176486750 aHF5686.C8bRED aReddy, Jayaprakash R. aAdvanced cost and management accounting aNew DelhibA. P. H. Publishing Corporationcc2004 ax, 134p